000 00263nam a22001097a 4500
008 160511b xxu||||| |||| 00| 0 eng d
020 _a0072315695
041 _aeng
080 _a316.77
245 _aThe art of public speaking:
_cStephen E. Lucas;
942 _2udc
_cBK
999 _c2029
_d2029